Networking Essentials (Record no. 24807)

000 -LEADER
fixed length control field 00331nam a22001097a 4500
003 - CONTROL NUMBER IDENTIFIER
control field Nust
005 - DATE AND TIME OF LATEST TRANSACTION
control field 20170516111136.0
008 - FIXED-LENGTH DATA ELEMENTS--GENERAL INFORMATION
fixed length control field 150424b xxu||||| |||| 00| 0 eng d
020 ## - INTERNATIONAL STANDARD BOOK NUMBER
International Standard Book Number 978-93-325-1590-1
Terms of availability Available
040 ## - CATALOGING SOURCE
Original cataloging agency DLC
Language of cataloging DLC
Transcribing agency RCMS
082 ## - DEWEY DECIMAL CLASSIFICATION NUMBER
Edition number 3rd,ed.
Classification number 004.6 BEA
100 ## - MAIN ENTRY--PERSONAL NAME
Miscellaneous information CD -ROM includes
Personal name Beasley Jaffrey S.
9 (RLIN) 211
245 ## - TITLE STATEMENT
Title Networking Essentials
260 ## - PUBLICATION, DISTRIBUTION, ETC.
Place of publication, distribution, etc. India
Name of publisher, distributor, etc. Dorling Kindersley Pvt Ltd
Date of publication, distribution, etc. 2013
300 ## - PHYSICAL DESCRIPTION
Extent xxvii,535,p:
Other physical details ill:
Dimensions 27,cm.
538 ## - SYSTEM DETAILS NOTE
Display text Shelf # 15, Row # 6, Communication.
650 ## - SUBJECT ADDED ENTRY--TOPICAL TERM
Topical term or geographic name entry element Networking
9 (RLIN) 212
856 ## - ELECTRONIC LOCATION AND ACCESS
Materials specified Table of Content Only
942 ## - ADDED ENTRY ELEMENTS (KOHA)
Source of classification or shelving scheme
Koha item type Book
Edition 3rd,ed.
Classification part 004.6 BEA
Holdings
Withdrawn status Lost status Source of classification or shelving scheme Damaged status Not for loan Permanent Location Current Location Shelving location Date acquired Total Checkouts Barcode Date last seen Price effective from Koha item type
          School of Interdisciplinary Engineering and Sciences (SINES) School of Interdisciplinary Engineering and Sciences (SINES) General Stacks 04/24/2015   RCMS002859 04/24/2015 04/24/2015 Book
© 2023 Central Library, National University of Sciences and Technology. All Rights Reserved.